00816 2200301 4500001002100000005001500021035002500036008004100061082002200102090002800124100001500152245006100167260007900228300002500307650002800332850001200360980001300372985000600385986001300391999001500404999001500419007000300434040001700437084002400454990001200478990001200490990001200502YOGYA-0209000001661920211013113757 a0010-020900000016619090227s1981 jki gr ind d04222a398.210992621 aNUS 398.210992621 SAN h1 aSande, J.S aHimpunan cerita rakyat dalam sastra Toraja /cJ.S. Sande aJakarta :bDepdikbud Proyek Penerbitan Buku Sastra Indonesia Daerah,c1981 a183 halaman ;c21 cm 4aCerita rakyat--zToraja aYOPDYOG a24-10-05 a2 afwhrtrev aa000061156 aa000061158ta aYOPDYOGbind a398.210992621 SAN h a61156-A a61158-A a61159-a